00372nam a2200121Ia 4500003000400000005001700004008004100021040001800062041000800080100004500088245008400133260003300217OSt20260129153503.0211028s2018 xx 000 0 und d cAIMIT LIBRARY aeng aNaik, Pratik K; Naik, Vasantha.g1616143 aEmpirical study on employees attrition with reference to MN chemicals company / aMangalorebVasantha G.c2018